000 00751nam a2200193 i 4500
001 41988
003 ES-MaACL
005 20230906160528.0
007 t|
008 030312s1925 cu ||||1| spa d
100 1 _aCarbonell y Rivero, José Manuel.
_935072
245 1 0 _aManuel Sanguily, adalid, tribuno y pensador /
_cJosé Manuel Carbonell y Rivero ; Memoria del curso académico de 1924-1925 por el secretario de la Academia Ramón A. Catalá.
260 _aHabana :
_b[s.n.],
_c1925 (
_fImp. "El siglo XX")
300 _a127 p., 2 h. de lám ;
_c25 cm.
594 _aPrecede al tít.: Academia Nacional de Artes y Letras.
600 1 4 _aSanguily, Manuel (
_d1848-1925)
_9103146
700 1 _aCatalá, Ramon A.
_937005
852 _aES-MaACL
_jF-49
999 _c41988
_d41988